| 000 | 00831nam a2200229 a 4500 | ||
|---|---|---|---|
| 003 | DO-SdBNP | ||
| 005 | 20221121133936.0 | ||
| 007 | ta | ||
| 008 | 221121e2010 dr ||||gr|||| 001 e spa d | ||
| 040 |
_aDO-SdBNP _bspa _cBNPHU |
||
| 082 | 4 |
_222 _bR457c |
|
| 245 | 1 | 0 |
_aComentando la Reforma Constitucional dominicana del 26 de enero 2010. / _cNelson Reyes Cerdas |
| 264 |
_aSanto Domingo : _bFundación para la Educación constitucional, _c2010 |
||
| 300 |
_a341 p. : _c20 cm. |
||
| 490 | _aEstudio de Derecho Constitucional | ||
| 500 | _aIncluye glosario Jurídico-Político | ||
| 590 | _aInventariado 2022 / MF | ||
| 650 | 4 |
_958472 _aReformas Cosntitucionales _xLegislación _y2010 _zRepública Dominicana |
|
| 650 | 4 |
_935409 _aReformas Constitucionales _xComentarios _zRepública Dominicana |
|
| 910 | _aMfeliz | ||
| 942 |
_2ddc _cLBS1 |
||
| 999 |
_c52979 _d52979 |
||